| 000 | 00825cam a2200313 4500500 | ||
|---|---|---|---|
| 005 | 20260405001746.0 | ||
| 041 | _afre | ||
| 042 | _adc | ||
| 100 | 1 | 0 |
_aNassif, Philippe _eauthor |
| 245 | 0 | 0 | _aTuteur en séries |
| 260 | _c2014. | ||
| 500 | _a38 | ||
| 690 | _aBreaking Bad | ||
| 690 | _aCavell | ||
| 690 | _aCinéma | ||
| 690 | _aEmerson | ||
| 690 | _aÉtats-Unis | ||
| 690 | _aGirls | ||
| 690 | _aIntuition | ||
| 690 | _aLena Dunham | ||
| 690 | _aMoi | ||
| 690 | _aPerfectionnisme | ||
| 690 | _aS’aimer soi-même | ||
| 690 | _aSéries télé | ||
| 690 | _aThe Wire | ||
| 690 | _aTrue Detective | ||
| 786 | 0 | _nPhilosophie magazine | 80 | 6 | 2014-06-01 | p. 29-29 | 1951-1787 | |
| 856 | 4 | 1 | _uhttps://shs.cairn.info/magazine-philosophie-magazine-2014-6-page-29?lang=fr&redirect-ssocas=7080 |
| 999 |
_c2050769 _d2050769 |
||